000 01885nam0a2200313 4500
001 rc\2724547
005 20250529131521.0
035 _a(NLR Aleph) 006852091
090 _a6757821
_c6757821
100 _a20110915d1938 |||y0rusy50 ca
101 0 _arus
_deng
102 _aRU
105 _aab z 000zy
200 1 _aНовые данные по стратиграфии и тектонике карельской формации Онего-Сегозерского водораздела
_dNew data on the stratigraphy and tectonics of the Karelian formation of the Onega-Segozero Watershed
_fЛ. Я. Харитонов
_zeng
210 _aЛенинград
_aМосква
_cГОНТИ - НКТП - СССР
_cГлавная редакция горно-топливной и геолого-разведочной литературы
_d1938
215 _a51, [1] с., 1 л. карта
_cил., карта, табл.
_d25
225 1 _aТруды Ленинградского геологического треста
_dTransactions of the Leningrad geological trust
_fГлав. геол. упр.
_vвып. 17
300 _aАвт. также на англ. яз.: L. J. Kharitonov
300 _aРез. англ.
320 _aБиблиогр.: с. 49-50
510 1 _6z11790
_aNew data on the stratigraphy and tectonics of the Karelian formation of the Onega-Segozero Watershed
_zeng
700 1 _7ca
_8rus
_aХаритонов
_bЛ. Я.
_cканд. геол.-минерал. наук
_f1910-1964
_gЛеонид Яковлевич
_9140715
_3RU\NLR\AUTH\770140751
790 1 _7ba
_8rus
_aCharitonov
_bL. J.
_cканд. геол.-минерал. наук
_f1910-1964
_gLeonid Jakovlevič
_9262788
_3RU\NLR\AUTH\770262844
801 0 _aRU
_bNLR
_gpsbo
801 1 _aRU
_bELAR
_2rusmarc
852 _aNLR
_j33-19/378(17)
942 _cBOOK
980 _aNB